[Event "45th FIDE Chess Olympiad Open"]
[Site "Budapest, Hungary"]
[Date "2024.09.12"]
[Round "2"]
[White "Yahi, Mohamed Salem"]
[Black "Yun, Hungi"]
[Result "0-1"]
[WhiteElo "1868"]
[BlackElo "2124"]
[PlyCount "92"]
[EventDate "2024.??.??"]
[WhiteTeam "Mauritania"]
[BlackTeam "South Korea"]
[WhiteTeamCountry "MAU"]
[WhiteClock "0:26:56"]
[BlackClock "0:00:42"]

1. e4 c5 2. c4 Nc6 3. Nc3 g6 4. g3 Bg7 5. Bg2 e6 6. Nge2 Nge7 7. O-O O-O 8. d3 a6 9. Be3 Nd4 10. Rb1 Nec6 11. f4 ({RR} 11. a3 Rb8 12. b4 d6 13. bxc5 dxc5 14. f4 Nxe2+ 15. Nxe2 b6 16. e5 Qc7 17. Kh1 f6 18. exf6 Bxf6 19. g4 Bd7 20. Be4 Ne7 21. Ng3 b5 22. Qd2 Bg7 23. Qf2 Rbc8 24. Rfc1 g5 25. f5 exf5 {1-0 Kosyrev,V (2523)-Rustemov,A (2552) Moscow-ch final 2008 (2)}) ({RR} 11. a3 d6 12. b4 Rb8 13. Qd2 Bd7 14. Bf4 e5 15. Be3 b5 16. cxb5 axb5 17. Nd5 Ra8 18. bxc5 dxc5 19. Nec3 Rb8 20. Rfc1 Qa5 21. Qb2 b4 22. axb4 Nxb4 23. Ne7+ Kh8 24. Qd2 Qd8 25. Bxd4 cxd4 {½-½ Honey,L (1939)-Birkisson,B (2140) Reykjavik Open 2024 (3.112)}) 11... d6 12. a3 Rb8 13. Bf2 $146 ({RR} 13. b4 cxb4 14. axb4 b5 15. Qd2 Bd7 16. Kh1 Qe7 17. Rfc1 Rfc8 18. Nxd4 Bxd4 19. Bxd4 Nxd4 20. Ne2 Nc6 21. Qc3 e5 22. fxe5 dxe5 23. c5 Bg4 24. Rb2 Qg5 25. Ng1 Rd8 26. h3 Be6 27. Kh2 Rxd3 {0-1 Cressanthais,G-Shapiro,D (2297) US Open-108 Cherry Hill 2007 (7)}) ({RR} 13. b4 b5 14. bxc5 dxc5 15. e5 Nxe2+ 16. Qxe2 Nd4 17. Qf2 Bb7 18. Bxb7 Rxb7 19. cxb5 axb5 20. Bxd4 cxd4 21. Nxb5 Qd5 22. a4 f6 23. Qg2 Qxg2+ 24. Kxg2 fxe5 25. fxe5 Ra8 26. Nxd4 Rxb1 27. Rxb1 Rxa4 {1-0 Montoya Bello,F (2155)-Ferrer Berenguer,L (2190) Autonomico-chT 1997}) 13... b5 14. Nxd4 cxd4 15. Ne2 e5 16. fxe5 dxe5 17. b4 Be6 18. c5 a5 19. Be1 axb4 20. axb4 Ra8 21. Ra1 Bh6 22. h3 Rxa1 23. Qxa1 Qa8 24. Qb2 Qa4 25. Kh2 Ra8 26. Ng1 Qd1 27. Bf2 Qxd3 28. Ra1 Rxa1 29. Qxa1 Nxb4 30. Nf3 Qc2 31. Be1 Nd3 32. Qa8+ Kg7 33. c6 Be3 34. Qa5 Qxc6 35. Bd2 Bxd2 36. Qxd2 Qc3 37. Bf1 Qxd2+ 38. Nxd2 Bc4 39. Kg2 Nb2 40. g4 Kf6 41. h4 Bxf1+ 42. Kxf1 Nc4 43. Nb3 Ne3+ 44. Ke2 Nxg4 45. Nc5 Ke7 46. Nd3 Kd6 0-1

[Event "45th FIDE Chess Olympiad Open"]
[Site "Budapest, Hungary"]
[Date "2024.09.12"]
[Round "2"]
[White "Lee, Kyungseok"]
[Black "Cheikhna, Mohamed Lemine"]
[Result "1-0"]
[WhiteElo "2044"]
[BlackElo "1884"]
[PlyCount "65"]
[EventDate "2024.??.??"]
[WhiteTeam "South Korea"]
[BlackTeam "Mauritania"]
[BlackTeamCountry "MAU"]
[WhiteClock "0:13:50"]
[BlackClock "0:03:55"]

1. d4 g6 2. e4 Bg7 3. Nc3 d6 4. h4 Nf6 5. Be2 h5 6. Nh3 c5 7. d5 Nbd7 8. Ng5 a6 9. a4 Ne5 10. Bf4 Nh7 $146 ({RR} 10... Nfg4 11. f3 Nh6 12. Qd2 Bd7 13. a5 Qc7 14. Na4 Bxa4 15. Rxa4 Ng8 16. Bg3 Nh6 17. O-O O-O 18. Kh1 Nd7 19. f4 Nf6 20. f5 Qd7 21. Ra3 gxf5 22. exf5 Rab8 23. Be1 b5 24. Qd1 Nfg4 25. Bxg4 {0-1 Prastalo,B-Krstic,R YUG-chT Cup Becici 1994}) 11. Nf3 Ng4 12. O-O O-O 13. Bd3 Bd7 14. Qe2 Qc7 15. Rfe1 Rfc8 16. Bc4 Rcb8 17. e5 Bxa4 18. Rxa4 b5 19. Bxb5 axb5 20. Nxb5 Qb7 21. Rxa8 Rxa8 22. exd6 exd6 23. Bxd6 Nhf6 24. c4 Nd7 25. b3 Ngf6 26. Be7 Ne8 27. Qe3 Nc7 28. Nd6 Qb4 29. Nxf7 Kxf7 30. d6 Bd4 31. Qf4+ Kg7 32. dxc7 Ra2 33. Qxd4+ 1-0

[Event "45th FIDE Chess Olympiad Open"]
[Site "Budapest, Hungary"]
[Date "2024.09.12"]
[Round "2"]
[White "Abdou Ahmed Alem"]
[Black "Huh, Isaak"]
[Result "0-1"]
[WhiteElo "1897"]
[BlackElo "2114"]
[PlyCount "148"]
[EventDate "2024.??.??"]
[WhiteTeam "Mauritania"]
[BlackTeam "South Korea"]
[WhiteTeamCountry "MAU"]
[WhiteClock "0:03:37"]
[BlackClock "0:24:27"]

1. Nf3 d5 2. e3 Nf6 3. b3 Bg4 4. Bb2 Nbd7 5. Be2 Bxf3 6. Bxf3 e5 7. c4 c6 8. O-O Bd6 9. cxd5 cxd5 10. Nc3 e4 $146 ({RR} 10... Qa5 11. a3 e4 12. Be2 O-O 13. b4 Qd8 14. Qb3 Be5 15. Nb5 a6 16. Nd4 Rc8 17. Rac1 Bb8 18. Nf5 Rxc1 19. Rxc1 Qe8 20. f4 exf3 21. Bxf3 Qe6 22. Nd4 Qd6 23. g3 Ne5 24. Bg2 Nc4 25. Bc3 {0-1 Barlocco,C (1994)-Pavon Cardenas,J (2256) Robecchetto op 32nd 2019 (1)}) 11. Be2 h5 12. g3 h4 13. Kg2 Ne5 14. Nb5 Bb8 15. Nd4 Qd7 16. Bb5 Nc6 17. Rh1 a6 18. Bxc6 bxc6 19. Rc1 Be5 20. f4 exf3+ 21. Qxf3 Ne4 22. Rc2 hxg3 23. Nf5 Bxb2 24. Rxb2 Nf2 25. Qxg3 Nxh1 26. Qe5+ Kd8 27. Qxg7 Kc7 28. Qe5+ Kb6 29. Rc2 Rae8 30. Qd4+ Kb7 31. Qb4+ Ka8 32. Qb6 Re6 33. Qxa6+ Qa7 34. Qxa7+ Kxa7 35. Kxh1 Kb6 36. Kg2 Rg6+ 37. Kh1 Rh5 38. Nd4 Rh3 39. Ne2 Rgh6 40. Nf4 Rxh2+ 41. Kg1 Rh1+ 42. Kg2 Ra1 43. Kf3 Rh2 44. Kg3 Rhh1 45. Nd3 Raf1 46. Nf2 Rc1 47. Rb2 Rb1 48. Nd3 Rxb2 49. Nxb2 Rc1 50. e4 Rc2 51. Na4+ Kc7 52. d3 dxe4 53. dxe4 Rxa2 54. Kf4 Kd6 55. Nb6 Kc5 56. Nc4 Kd4 57. Ne5 Rf2+ 58. Nf3+ Kc3 59. Ke3 Rxf3+ 60. Kxf3 Kxb3 61. Kf4 c5 62. e5 c4 63. Kf5 c3 64. Kf6 c2 65. Kxf7 c1=Q 66. e6 Kc4 67. e7 Qf4+ 68. Ke6 Qe4+ 69. Kf7 Qf5+ 70. Kg8 Qe6+ 71. Kf8 Qf6+ 72. Ke8 Kd5 73. Kd7 Qd6+ 74. Ke8 Ke6 0-1

[Event "45th FIDE Chess Olympiad Open"]
[Site "Budapest, Hungary"]
[Date "2024.09.12"]
[Round "2"]
[White "Hamperl, Fred"]
[Black "Rakotomaharo, Fy Antenaina"]
[Result "0-1"]
[WhiteElo "1977"]
[BlackElo "2440"]
[PlyCount "58"]
[EventDate "2024.??.??"]
[WhiteTeam "Guernsey"]
[BlackTeam "Madagascar"]
[BlackTeamCountry "MAD"]
[WhiteClock "0:01:54"]
[BlackClock "0:44:18"]

1. e4 c5 2. Nf3 e6 3. b3 Nc6 4. Bb2 a6 5. c4 Qc7 6. Na3 ({RR} 6. g3 Nf6 7. Nc3 Nd4 8. Bg2 Be7 9. O-O O-O 10. Ne2 e5 11. Nfxd4 cxd4 12. f4 d6 13. h3 b5 14. Rc1 bxc4 15. Rxc4 Qb6 16. Kh2 Be6 17. Rc1 Rfc8 18. f5 Bd7 19. g4 Ne8 20. Ng1 Rxc1 {½-½ Navara,D (2719)-Svidler,P (2723) MrDodgy Online Inv blitz 2020 (2.3)}) ({RR} 6. Nc3 Nf6 7. d4 cxd4 8. Nxd4 Bb4 9. Nxc6 dxc6 10. Bd3 e5 11. O-O O-O 12. Qc2 Be6 13. Na4 Be7 14. c5 Rad8 15. Rad1 Nh5 16. Bc4 Nf4 17. Bxe6 Nxe6 18. b4 a5 19. a3 axb4 20. axb4 Nd4 {1-0 Munkhdalai,A (2374)-Svidler,P (2698) FIDE World Rapid Team 2024 (11.14)}) 6... Nf6 7. Bd3 $146 ({RR} 7. e5 Ng4 8. Qe2 b6 9. h3 Nh6 10. g4 Bb7 11. Rg1 Be7 12. Nc2 O-O 13. O-O-O b5 14. d3 bxc4 15. dxc4 a5 16. a4 Qb6 17. Qe3 f5 18. exf6 Bxf6 19. Bxf6 Rxf6 20. Rxd7 Raf8 21. g5 R6f7 {1-0 Macias Sanchez,H (1961)-Lu,M (2171) 3rd Merida World Heritage 2023 (7.13)}) 7... Bd6 8. O-O Ne5 9. Nxe5 Bxe5 10. Bxe5 Qxe5 11. Qe2 g5 12. g3 Rg8 13. Kh1 g4 14. Nc2 b5 15. f4 gxf3 16. Qxf3 Rg6 17. Ne3 Kd8 18. Nd5 exd5 19. exd5 Rh6 20. Rae1 Qd6 21. Qe3 Rxh2+ 22. Kg1 Rh5 23. Qf3 Kc7 24. Re2 Rg5 25. Re3 Ng4 26. Re4 h5 27. Rf4 Bb7 28. Bf5 Ne5 29. Qf2 Rag8 0-1

[Event "45th FIDE Chess Olympiad Open"]
[Site "Budapest, Hungary"]
[Date "2024.09.12"]
[Round "2"]
[White "Razanadrakotoarisoa, Toavina"]
[Black "Rowe, Peter"]
[Result "1-0"]
[WhiteElo "2147"]
[BlackElo "1973"]
[PlyCount "65"]
[EventDate "2024.??.??"]
[WhiteTeam "Madagascar"]
[BlackTeam "Guernsey"]
[WhiteTeamCountry "MAD"]
[WhiteClock "0:41:18"]
[BlackClock "0:20:42"]

1. e4 d6 2. d4 Nf6 3. Nc3 e5 4. Nge2 Be7 5. h3 Nbd7 6. g3 ({RR} 6. a4 c6 7. g4 exd4 8. Nxd4 Nc5 9. Bg2 a5 10. O-O O-O 11. Be3 Nfd7 12. f4 Nb6 13. b3 Bf6 14. g5 Bxd4 15. Bxd4 Ne6 16. Be3 f5 17. Kh2 fxe4 18. Bxe4 d5 19. Bxh7+ Kxh7 20. Qh5+ Kg8 {1-0 Prior,S (2012)-Vadalia,J (1836) 4NCL Easter Congress 2024 (7.7)}) 6... c6 7. a4 a5 8. Bg2 h6 $146 ({RR} 8... O-O 9. O-O exd4 10. Nxd4 Nc5 11. g4 Re8 12. g5 Nfd7 13. f4 Nb6 14. h4 Bf8 15. b3 d5 16. exd5 Nxd5 17. Nxd5 cxd5 18. Bb2 Ne4 19. Qd3 Qd7 20. Qb5 Bc5 21. Qxd7 Bxd7 22. Rfe1 Rac8 23. c4 {1-0 Jakubiec,E (2212)-Barbier,W (1983) BEL-chT 1415 2014 (10.7)}) 9. O-O O-O 10. g4 Rb8 11. d5 Nc5 12. Ng3 Bd7 13. Be3 cxd5 14. exd5 b6 15. f4 exf4 16. Bxf4 g5 17. Be3 Nh7 18. Bd4 f6 19. Qf3 Rf7 20. Nce4 Qf8 21. Nf5 Bxf5 22. Qxf5 Rd8 23. Ng3 Nd7 24. Qg6+ Qg7 25. Qh5 Ne5 26. Nf5 Qg6 27. Qxg6+ Nxg6 28. Nxh6+ Kg7 29. Nxf7 Kxf7 30. Bxb6 Rb8 31. Bxa5 Rxb2 32. Be4 Nhf8 33. Rfb1 1-0

[Event "45th FIDE Chess Olympiad Open"]
[Site "Budapest, Hungary"]
[Date "2024.09.12"]
[Round "2"]
[White "Brookfield, Toby"]
[Black "Andriamasoandro, Miora"]
[Result "0-1"]
[WhiteElo "1872"]
[BlackElo "2116"]
[PlyCount "76"]
[EventDate "2024.??.??"]
[WhiteTeam "Guernsey"]
[BlackTeam "Madagascar"]
[BlackTeamCountry "MAD"]
[WhiteClock "0:01:43"]
[BlackClock "0:51:14"]

1. e4 c5 2. Nf3 d6 3. d4 cxd4 4. Nxd4 Nf6 5. Nc3 a6 6. h3 e5 7. Nde2 h5 8. g3 Be7 9. Bg2 Nbd7 10. Be3 b5 11. f4 ({RR} 11. Nd5 Nxd5 12. Qxd5 Rb8 13. O-O Nb6 14. Qc6+ Bd7 15. Bxb6 Rxb6 16. Qd5 Qc8 17. Nc3 Rc6 18. Qd3 Bxh3 19. Nd5 Be6 20. Nxe7 Kxe7 21. Rfd1 h4 22. Qe3 f6 23. c3 hxg3 24. Qxg3 g5 25. Rd2 Qb7 {0-1 Julian,S (1840)-Brunner,N (2414) 22nd Nancy Rapid 2024 (2.6)}) 11... Bb7 12. O-O Qc7 13. Qd2 Rc8 $146 ({RR} 13... Nb6 14. b3 b4 15. Nd5 Nbxd5 16. exd5 Rb8 17. Rfd1 Nd7 18. Rac1 a5 19. c3 bxc3 20. Nxc3 Qd8 21. f5 O-O 22. Qf2 Bg5 23. Bxg5 Qxg5 24. Ne4 Qh6 25. Rc7 Rfd8 26. Qa7 Bc8 27. Qxa5 Nf6 28. Rc3 {0-1 Korelskiy,E (2153)-Zemlyanskii,I (2237) Titled Tue 1st Nov Early 2022 (2)}) 14. Rac1 Nb6 15. Nd5 Bxd5 16. exd5 Nc4 17. Qc3 b4 18. Qb3 Nxe3 19. Qxe3 Qc5 20. Qxc5 Rxc5 21. fxe5 dxe5 22. c4 Ra5 23. Rfd1 Bc5+ 24. Kf1 Rh6 25. Ra1 Nd7 26. a3 Rf6+ 27. Ke1 bxa3 28. bxa3 Rxa3 29. Rxa3 Bxa3 30. Rb1 a5 31. Nc1 Bxc1 32. Rxc1 Nc5 33. Ke2 a4 34. Rc2 Rb6 35. Kd2 Ke7 36. Bf3 g6 37. Rc3 Rb2+ 38. Rc2 Nb3+ 0-1

[Event "45th FIDE Chess Olympiad Open"]
[Site "Budapest, Hungary"]
[Date "2024.09.12"]
[Round "2"]
[White "Rakotomaharavo, Dylan"]
[Black "Hill, Jonathan"]
[Result "1-0"]
[WhiteElo "2078"]
[BlackElo "1756"]
[PlyCount "93"]
[EventDate "2024.??.??"]
[WhiteTeam "Madagascar"]
[BlackTeam "Guernsey"]
[WhiteTeamCountry "MAD"]
[WhiteClock "1:52:12"]
[BlackClock "0:28:27"]

1. d4 d5 2. c4 c6 3. Nc3 Nf6 4. e3 e6 5. Nf3 Nbd7 6. Bd2 Be7 7. Qc2 b6 8. Rd1 $146 ({RR} 8. Be2 Bb7 9. O-O O-O 10. Rfd1 Qc7 11. Rac1 Rac8 12. cxd5 exd5 13. b4 Qb8 14. Na4 Bd6 15. Qb1 Ne4 16. Bf1 Rfe8 17. g3 Ndf6 18. Bh3 Ba6 19. Nc3 Rc7 20. Be1 Nxc3 21. Rxc3 Be2 {0-1 Mayer,M-Lipinsky,F (2395) Oberfranken-chT U20 1998 (5)}) ({RR} 8. cxd5 cxd5 9. Nb5 O-O 10. Nc7 Rb8 11. Na6 Bxa6 12. Bxa6 Ne4 13. a4 Nxd2 14. Nxd2 Bb4 15. O-O Qe7 16. Rac1 Rbd8 17. Nf3 Bd6 18. Rfd1 Nb8 19. Qe2 Qd7 20. Qb5 Nxa6 21. Qxa6 Rc8 22. Qb5 {½-½ Volkov,S (2587)-Galkin,A (2507) Novgorod op 1999 (5)}) ({RR} 8. Bd3 dxc4 9. Bxc4 b5 10. Bd3 Bb7 11. a3 a6 12. Rd1 c5 13. Ne4 cxd4 14. Nxd4 Rc8 15. Qb1 Nc5 16. Nxc5 Bxc5 17. Ne2 g6 18. Bc3 Qe7 19. b4 Bd6 20. Qb2 e5 21. O-O Ne4 22. Bxe4 Bxe4 {1-0 Carvalho,C (1938)-Mazzuco Junior,A (1417) Sao Jose dos Campos op 2022 (2)}) ({RR} 8. O-O-O Bb7 9. Kb1 c5 10. cxd5 exd5 11. Bc1 O-O 12. h3 Rc8 13. Bd3 a6 14. g4 cxd4 15. Nxd4 b5 16. Qe2 Ne4 17. Nxe4 dxe4 18. Bc2 Qc7 19. Nf5 Ne5 20. Ng3 Nd3 21. Rhg1 Nxc1 22. Rxc1 Qe5 {½-½ Dolezal,J (2237)-Vachal,J (2190) CZE-chTJ 0001 2000 (4)}) ({RR} 8. g4 h6 9. g5 hxg5 10. Nxg5 Nh5 11. h4 Bb7 12. Rg1 Bxg5 13. hxg5 g6 14. Bd3 dxc4 15. Bxc4 Qc7 16. O-O-O O-O-O 17. Kb1 Kb8 18. Bc1 Ng7 19. f4 Nf5 20. e4 Nd6 21. Bd3 a6 22. a4 c5 {1-0 Domogaev,S (2364)-Orlov,O (2315) Vladimir op-A 2008 (9)}) 8... Bb7 9. Bd3 Qc7 10. O-O h6 11. Rfe1 O-O 12. Qb1 Rac8 13. cxd5 cxd5 14. Rc1 Qb8 15. h3 Rfd8 16. a3 Bd6 17. Kh1 Re8 18. Qa2 Qa8 19. Bb1 Nf8 20. Qb3 Ne4 21. Kg1 Nxd2 22. Nxd2 Be7 23. f4 Qb8 24. Nf3 Bf6 25. Qc2 Qc7 26. Nxd5 Qxc2 27. Nxf6+ gxf6 28. Rxc2 Rxc2 29. Bxc2 Rc8 30. Bd3 Ng6 31. Kf2 h5 32. Re2 a6 33. Rc2 b5 34. Rxc8+ Bxc8 35. Be4 Kf8 36. Ne1 f5 37. Bf3 h4 38. Nd3 Ke7 39. Nc5 Kd6 40. Bh5 Kc7 41. g3 hxg3+ 42. Kxg3 Kc6 43. Bxg6 fxg6 44. Kh4 Kd6 45. Kg5 Ke7 46. Kxg6 Kf8 47. Kf6 1-0

[Event "45th FIDE Chess Olympiad Open"]
[Site "Budapest, Hungary"]
[Date "2024.09.12"]
[Round "2"]
[White "Bai, Adelard"]
[Black "De Mey, Juan Pablo"]
[Result "1-0"]
[WhiteElo "2378"]
[BlackElo "1992"]
[PlyCount "73"]
[EventDate "2024.??.??"]
[WhiteTeam "Chinese Taipei"]
[BlackTeam "Aruba"]
[BlackTeamCountry "ARN"]
[WhiteClock "0:22:35"]
[BlackClock "0:07:54"]

1. d4 d5 2. c4 e6 3. Nf3 Nf6 4. g3 Be7 5. Bg2 O-O 6. Nc3 Ne4 7. O-O f5 ({RR} 7... Nc6 8. Qc2 f5 9. a3 a5 10. Rd1 Bf6 11. Rb1 Kh8 12. h4 h6 13. b4 axb4 14. axb4 g5 15. hxg5 hxg5 16. b5 Ne7 17. Ne5 Kg7 18. g4 c5 19. Nxe4 fxe4 20. Bb2 Ra2 21. e3 cxd4 22. exd4 {½-½ Miroshnichenko,E (2696)-Radulski,J (2539) GRE-chT 37th 2009 (2)}) 8. Nxe4 $146 ({RR} 8. Ne5 c6 9. f3 Nxc3 10. bxc3 Nd7 11. Nxd7 Bxd7 12. Qb3 Qb6 13. cxd5 exd5 14. Rb1 Qxb3 15. Rxb3 b5 16. e4 fxe4 17. fxe4 dxe4 18. Rxf8+ Rxf8 19. Bxe4 Bh3 20. Bg2 Bxg2 21. Kxg2 Kf7 22. Be3 a5 {½-½ Kempkens,T-Funke,D Oberliga NRW 8687 I 1986 (3.8)}) ({RR} 8. Ne5 c6 9. Qc2 Nd7 10. Bf4 g5 11. Nxd7 Bxd7 12. Be5 Bf6 13. f3 Bxe5 14. dxe5 Qb6+ 15. e3 Qxe3+ 16. Kh1 Nxc3 17. bxc3 Qxe5 18. f4 gxf4 19. Rxf4 Rae8 20. Qf2 Qxc3 21. Rb1 b6 22. Rb3 Qa1+ {0-1 Moksh,A (2353)-Baskakov,E (2215) Titled Tue 13th Feb Early 2024 (6)}) ({RR} 8. Ne5 c6 9. f3 Nd6 10. c5 Nf7 11. Nxf7 Rxf7 12. b4 b6 13. Qc2 Nd7 14. a3 e5 15. e3 bxc5 16. dxc5 Ba6 17. Rd1 Bc4 18. Kh1 a5 19. Bd2 Qc8 20. Be1 Qa6 21. Rab1 Bf8 22. Qf2 e4 {0-1 Bai,A (2411)-Lindberg,B (2349) 50th Rilton Cup 2022-23 (6.25)}) ({RR} 8. Ne5 c6 9. f3 Nd6 10. b3 Nd7 11. c5 Nf7 12. Nxf7 Rxf7 13. e4 Qf8 14. Be3 Nf6 15. Qd2 Bd7 16. e5 Ne8 17. Bg5 Nc7 18. Bxe7 Qxe7 19. f4 Rff8 20. b4 Rfb8 21. Rfb1 b5 22. a4 a6 {1-0 Nemeth,Z (2223)-Aayush,B (2180) Budapest Vezerkepzo IM 7th 2021 (2)}) ({RR} 8. Ne5 c6 9. Nxe4 fxe4 10. f3 exf3 11. Nxf3 Nd7 12. Bf4 Bf6 13. Qc2 Re8 14. Rad1 Qb6 15. Kh1 Nf8 16. Ne5 Bxe5 17. Bxe5 Ng6 18. Bd6 Ne7 19. e4 Qd8 20. Qf2 Rf8 21. Qxf8+ Qxf8 22. Rxf8+ Kxf8 {1-0 Mladek,R (2365)-Mazanek,D (1891) CZE-chT 2122 2021 (6.6)}) 8... fxe4 9. Nd2 Bf6 10. e3 c6 11. f3 exf3 12. Nxf3 Nd7 13. Qd3 Re8 14. Bd2 a5 15. e4 dxc4 16. Qxc4 Nb6 17. Qe2 Bd7 18. Rac1 Rf8 19. Be3 Be8 20. Bh3 Bf7 21. Ne5 Bxe5 22. dxe5 Nd7 23. Rcd1 Qe7 24. Bf4 Rad8 25. Rd6 Nc5 26. Rfd1 Rxd6 27. exd6 Qd8 28. Qe3 Nd7 29. Bg5 Qc8 30. Be7 Re8 31. Rf1 Rxe7 32. dxe7 Qe8 33. Qa3 c5 34. Qxa5 Qxe7 35. Qc7 b6 36. Rd1 Be8 37. Qd6 1-0

[Event "45th FIDE Chess Olympiad Open"]
[Site "Budapest, Hungary"]
[Date "2024.09.12"]
[Round "2"]
[White "Stetsenko, Ilya"]
[Black "Song, Raymond"]
[Result "0-1"]
[WhiteElo "1903"]
[BlackElo "2503"]
[PlyCount "72"]
[EventDate "2024.??.??"]
[WhiteTeam "Aruba"]
[BlackTeam "Chinese Taipei"]
[WhiteTeamCountry "ARN"]
[WhiteClock "0:05:00"]
[BlackClock "0:57:04"]

1. d4 Nf6 2. c4 e6 3. Nf3 d5 4. g3 Bb4+ 5. Nbd2 dxc4 6. Bg2 O-O 7. Qc2 a5 8. Qxc4 b6 9. a3 Be7 10. Ne5 Ba6 11. Qc2 Ra7 12. Ndf3 c5 13. Be3 $146 ({RR} 13. dxc5 Bxc5 14. Bd2 Rc7 15. Qa4 Nbd7 16. Bf4 Qc8 17. O-O Bxe2 18. Nxd7 Qxd7 19. Qxd7 Rxd7 20. Rfe1 Bxf3 21. Bxf3 Nd5 22. Bd2 Bd4 23. Rab1 Rfd8 24. Rec1 e5 25. b4 axb4 26. axb4 f5 27. Be2 e4 {0-1 Socko,M (2419)-Schoppen,C (2489) Graz op-A 2020 (7)}) ({RR} 13. dxc5 Bxc5 14. O-O Rc7 15. Qd2 Qxd2 16. Bxd2 Bxe2 17. Rfe1 Bb5 18. b4 axb4 19. axb4 Bd6 20. Nd4 Bxe5 21. Rxe5 Bc4 22. Rc1 Rfc8 23. Bf4 Nbd7 24. Ree1 e5 25. Bxe5 Nxe5 26. Rxe5 g6 27. Nb5 Bxb5 {0-1 Ramirez Osio,J (2189)-Zaitsev,A (2473) Titled Tue 20th Jun Late 2023 (3)}) ({RR} 13. dxc5 Bxc5 14. Nd3 Bxd3 15. Qxd3 Qxd3 16. exd3 Nd5 17. Ke2 Rc7 18. Bd2 Nc6 19. Rac1 Rfc8 20. Rc4 Be7 21. Rhc1 b5 22. R4c2 a4 23. Kd1 b4 24. axb4 Ncxb4 25. Rxc7 Rxc7 26. Rxc7 Nxc7 27. Ne5 f6 {½-½ Donchenko,A (2568)-Wojtaszek,R (2741) Bundesliga 1516 2015 (15.1)}) ({RR} 13. dxc5 Bxc5 14. Nd3 Rc7 15. Nxc5 Rxc5 16. Qd2 Qc8 17. O-O Rc2 18. Qd6 Nc6 19. Nd4 Rd8 20. Nxc6 Rxd6 21. Ne7+ Kf8 22. Nxc8 Rxc8 23. Bf4 Rd7 24. Be3 Nd5 25. Bxd5 Rxd5 26. Rfc1 Rxc1+ 27. Rxc1 Bxe2 {0-1 Debray,C (2352)-Vocaturo,D (2612) Purtichju op 6th 2019 (6)}) 13... Rc7 14. Rc1 Nd5 15. Qd2 Nxe3 16. fxe3 Nd7 17. Nxd7 Qxd7 18. Ne5 Qb5 19. Bf3 c4 20. O-O Bd6 21. Ng4 Qg5 22. Rfd1 Rcc8 23. e4 Qxd2 24. Rxd2 b5 25. Rdc2 Rfd8 26. a4 bxa4 27. d5 a3 28. bxa3 Bxa3 29. Rb1 exd5 30. exd5 f6 31. e4 c3 32. Rd1 Bb5 33. Ra2 c2 34. Rxa3 cxd1=Q+ 35. Bxd1 Rc1 36. Ne3 Be2 0-1

[Event "45th FIDE Chess Olympiad Open"]
[Site "Budapest, Hungary"]
[Date "2024.09.12"]
[Round "2"]
[White "Yang, ching Wei"]
[Black "Pesqueira, Jose"]
[Result "1/2-1/2"]
[WhiteElo "2121"]
[BlackElo "1880"]
[PlyCount "70"]
[EventDate "2024.??.??"]
[WhiteTeam "Chinese Taipei"]
[BlackTeam "Aruba"]
[BlackTeamCountry "ARN"]
[WhiteClock "0:05:44"]
[BlackClock "0:02:53"]

1. d4 d5 2. c4 c6 3. Nc3 Nf6 4. e3 e6 5. Nf3 Nbd7 6. Be2 Be7 7. O-O O-O 8. b3 Re8 ({RR} 8... b6 9. Bb2 Bb7 10. Rc1 c5 {½-½ Suba,M (2565)-Razuvaev,Y (2580) Ibercaja op-A 1996 (9)}) 9. Bb2 Bd6 10. Rc1 ({RR} 10. Re1 Qc7 11. h3 a6 12. Rc1 Qb8 13. c5 Bc7 14. b4 b5 15. cxb6 Nxb6 16. a3 Bd7 17. Ra1 Bd6 18. Bd3 a5 19. Rb1 Qc7 20. Qe2 axb4 21. axb4 Na4 22. Rec1 Reb8 23. Nb5 Rxb5 24. Bxb5 Qb6 {1-0 Blank Goncalves,E (2060)-Bracht,R (1878) Florianopolis op 5th 2019 (7)}) 10... Qe7 $146 ({RR} 10... dxc4 11. Bxc4 Qa5 12. Qc2 Qh5 13. Be2 Qh6 14. Rfd1 Bb4 15. a3 Bxc3 16. Bxc3 Nd5 17. Bb2 N7f6 18. Ne5 g6 19. Bf3 Bd7 20. g3 Rad8 21. e4 Nb6 22. Nc4 Nxc4 23. bxc4 Bc8 24. Qa4 Nd7 25. Qxa7 {1-0 Szabo,I (1979)-Benyei,A (1974) HUN-chT2 Barcza 1011 2010 (7.7)}) 11. Rc2 a6 12. a4 h6 13. Re1 Bb4 14. Bd3 Ne4 15. Ne5 Nxe5 16. dxe5 Nxc3 17. Bxc3 Bxc3 18. Rxc3 Rd8 19. c5 Bd7 20. Bb1 f6 21. exf6 Qxf6 22. Qc2 e5 23. e4 d4 24. Rf3 Qe7 25. Rg3 Rf8 26. Qc1 Rf6 27. Bd3 Raf8 28. f3 Be6 29. b4 Qd7 30. Re2 Kh8 31. Rb2 Rc8 32. b5 cxb5 33. axb5 Qc7 34. bxa6 bxa6 35. Bxa6 Qxc5 1/2-1/2

[Event "45th FIDE Chess Olympiad Open"]
[Site "Budapest, Hungary"]
[Date "2024.09.12"]
[Round "2"]
[White "Antonio, Kyell-Jean"]
[Black "Wang, Ting-Hao"]
[Result "0-1"]
[WhiteElo "1763"]
[BlackElo "1842"]
[PlyCount "64"]
[EventDate "2024.??.??"]
[WhiteTeam "Aruba"]
[BlackTeam "Chinese Taipei"]
[WhiteTeamCountry "ARN"]
[WhiteClock "0:01:27"]
[BlackClock "0:33:10"]

1. e4 {Chessbase} c6 2. d4 d5 3. exd5 cxd5 4. c4 Nf6 5. Nc3 Nc6 6. Nf3 Bg4 7. Be3 e6 8. a3 Be7 ({RR} 8... Bd6 9. c5 Bb8 10. Be2 O-O 11. O-O Ne4 12. Ne1 Nxc3 13. bxc3 Bxe2 14. Qxe2 b6 15. Nd3 bxc5 16. Nxc5 Bd6 17. Qa6 Qc7 18. g3 Na5 19. Rab1 Rab8 20. Nd7 Qxd7 21. Qxa5 Rb7 22. Rfc1 Rc8 23. a4 {0-1 Varga,Z (2499)-Prohaszka,P (2443) Balatonlelle GM 25th 2007 (6)}) 9. Be2 O-O 10. O-O ({RR} 10. cxd5 Nxd5 11. O-O Rc8 12. h3 Bh5 13. Qd2 ({RR} 13. Nh2 Bxe2 14. Qxe2 Bf6 15. Qg4 Nce7 16. Rac1 Nf5 17. Qe4 Ndxe3 18. fxe3 Ng3 19. Qxb7 Nxf1 20. Rxf1 Rb8 21. Qxa7 Rxb2 22. Ng4 Bg5 23. Ne4 Qd5 24. Nxg5) 13... Na5 14. Qc2 Nc4 15. Bxc4 Bxf3 16. Bd3 Nxc3 17. bxc3 Bd5 18. Bxh7+ Kh8 19. Bd3 Qa5 20. Bd2 Bc4 21. Bxc4 Rxc4 22. Rfe1 Bf6 23. Qd3 Rfc8 24. Reb1 Qd5 {0-1 Silva,C-Garcia,J (2004) IV Niterói Chess Open 2024 (2)}) 10... a6 $146 ({RR} 10... Rc8 11. c5 Ne4 12. Qc2 Nxc3 13. Qxc3 Bf6 14. b4 Bxf3 15. Bxf3 e5 16. Qd2 exd4 17. Bf4 Re8 18. Rfe1 Ne5 19. Bxe5 Bxe5 20. Qa2 d3 21. Rad1 Bc3 22. Rxe8+ Qxe8 23. Qxd5 d2 24. Qe4 Qxe4 25. Bxe4 {0-1 Eydt,L (1470)-Copin,O (1904) FRA-chT2 1011 2010 (3.8)}) ({RR} 10... dxc4 11. Bxc4 a6 12. Re1 Qc7 13. Be2 Rfd8 14. Qc2 Bxf3 15. Bxf3 Nxd4 16. Bxd4 Rxd4 17. Rac1 Rc8 18. Qb3 Nd5 19. h3 Bd6 20. Kf1 Nxc3 21. Rxc3 Rc4 22. Bxb7 Rxc3 23. bxc3 Rb8 24. Rb1 Bxa3 25. Qxa3 {1-0 Pungarcic,T (1520)-Zaksek,P (1533) SLO-ch U14 Rogaska Slatina 2009 (7)}) 11. c5 Ne4 12. Qc2 f5 13. Qc1 Bf6 14. Rd1 g5 15. g3 Qe7 16. b4 Qg7 17. Ra2 f4 18. Nxe4 dxe4 19. Nxg5 fxe3 20. Bxg4 Bxg5 21. Bxe6+ Kh8 22. fxe3 Nxd4 23. Bd5 Nc6 24. Re2 Rae8 25. Qc2 Qe5 26. Kg2 Rd8 27. Bc4 Rxd1 28. Qxd1 Qf6 29. Qe1 Ne5 30. Rf2 Qxf2+ 31. Qxf2 Rxf2+ 32. Kxf2 Nxc4 0-1